000 00630nam a22002297a 4500
003 UA-OsUOA
001 66387
007 ta
008 20091228b un ||||| |||| 00| 0 ukr d
100 _aНудьга Г.А.
090 _a82.09(477)(091)
_bН87
942 _cBK
040 _aUA-OsUOA
_bukr
_cUA-OsUOA
_dUA-OsUOA
245 _aУкраїнська балада
_bЗтеорії та історії жанру
300 _a253 с.
955 _a1
041 _aukr
080 _a82.09(477)(091)
260 _aК.
_c1970
650 7 _a82 Література. Літературознавство
_2UDC
999 _c352212
_d352212